000 00224 a2200097 4500
001 51379
100 _aAllen T L
245 _aChemistry Experiment and Theory
260 _aNew York
_bHarper & Row
_c
090 _c32569
_d32569
942 _aNUST-CAE
_cM
_c25079
999 _c286452
_d286452